[Event "9th Norway Chess 2021"]
[Site "Stavanger"]
[Date "2021.09.16"]
[Round "9.1"]
[White "Carlsen, Magnus"]
[Black "Karjakin, Sergey"]
[Result "1-0"]
[WhiteElo "2855"]
[BlackElo "2758"]
[Annotator "TA"]
[PlyCount "105"]
[EventDate "2021.08.31"]
[EventType "tourn"]
[EventCountry "NOR"]
[SourceTitle "playchess.com"]
[Source "ChessBase"]
[SourceQuality "1"]

{[%evp 9,105,13,15,13,16,13,21,19,17,14,20,14,17,6,21,2,10,0,0,0,0,-10,-4,-20,
-18,-12,-4,-18,-16,-31,-14,-18,-24,-33,-30,-41,-39,-39,-37,-46,-47,-61,-51,-59,
-26,-20,-18,-41,-34,-49,-15,-45,0,0,0,0,0,0,30,37,129,142,142,95,126,67,63,76,
70,64,58,7,93,89,96,103,103,103,103,103,152,162,149,147,200,192,227,227,227,
227,234,234,297,297,297,288,424,401]} 1. e4 e5 2. Nf3 Nc6 3. Bb5 Nf6 4. d3 Bc5
5. Bxc6 (5. c3 O-O 6. O-O d5 7. exd5 Qxd5 8. Bc4 Qd8 9. b4 Bd6 10. Nbd2 h6 11.
Re1 Re8 12. Bb2 a6 13. a4 Be6 14. b5 Na5 15. Bxe6 Rxe6 16. c4 Qe7 17. Qc2 Nd7
18. Re2 {1/2-1/2 (66) Carlsen,M (2847)-Karjakin,S (2757) chess24.com INT 2021})
5... dxc6 6. O-O {C65: Ruy Lopez: Berlin Defence (3...Nf6), unusual lines and
4 0-0 Bc5.} Nd7 7. c3 $1 {[%mdl 4] now scores much better than the old 7.Nbd2.}
h6 8. Nbd2 {The position is equal.} O-O 9. Nc4 Re8 10. b4 Bd6 11. Be3 Nf8 {[#]}
(11... Nb6 {seems wilder.} 12. Na5 Qe7 13. Nd2 c5 14. a3 Rb8) 12. Nfd2 $146 (
12. Qe2 {with more complications.} Ng6 13. a4 b6 14. a5 Be6 15. Rfd1) ({
Predecessor:} 12. h3 Ng6 13. a4 Bf8 14. Qc2 Qf6 15. Qe2 b6 16. Nfd2 Be6 17. a5
b5 18. Nb2 {1/2-1/2 (35) Anton Guijarro,D (2703)-Salgado Lopez,I (2584)
chess24.com INT 2020}) 12... Ng6 13. Nxd6 cxd6 14. a4 d5 15. Nb3 b6 16. a5 {
[#] aiming for axb6.} Rb8 17. Qc2 Be6 18. Rfb1 Re7 19. c4 d4 20. Bd2 f5 21.
axb6 axb6 22. f3 Rf7 23. Rf1 Kh7 24. exf5 Bxf5 25. Be1 Qg5 {...Qe3+ is the
strong threat.} 26. Rd1 h5 27. Bd2 Qh4 28. Rde1 Ra8 29. Ra1 Raf8 30. Ra6 e4 31.
Nxd4 exf3 32. Nxf3 Bh3 {Strongly threatening ...Rxf3!} 33. Rf2 {Hoping for
Ng5+.} Rxf3 {[%mdl 64] [#] Remove Defender} 34. gxf3 {And now Ra7 would win.} (
34. Rxf3 $2 {loses.} Rxf3 35. Bc3 Qg5 $19) 34... Rf5 (34... Bg4 $14 35. f4 Bc8)
35. d4 $16 Qxd4 {( -> ...Rxf3)} 36. Ra3 {Black must now prevent f4.} Rf7 37.
Re3 (37. Qd3 $16 Qxd3 38. Rxd3) 37... Bf5 $14 38. Qc3 Qd8 39. Re1 Rd7 40. Qe3 (
40. Be3 $14) 40... Rd4 (40... Re7 $11 {remains equal.} 41. Qc3 Rd7) 41. Qg5
Qxg5+ 42. Bxg5 Rxc4 43. Rb2 b5 44. Kf2 c5 45. bxc5 Rxc5 {...Ne5 would now be
nice for Black.} 46. Rc1 Rd5 (46... Re5 $16 47. Rc7 Bg4) 47. Rd2 $18 Rxd2+ 48.
Bxd2 {KRB-KBN} Ne5 49. Rc7 b4 {Now ...b3 and Black clings on.} 50. Rb7 Be6 51.
Re7 Nd3+ 52. Ke3 Bc4 (52... Bf5 $142 53. Rb7 Bg6) 53. Kd4 {Weighted Error
Value: White=0.10/Black=0.19} 1-0

[Event "9th Norway Chess 2021"]
[Site "Stavanger"]
[Date "2021.09.16"]
[Round "9.1"]
[White "Rapport, Richard"]
[Black "Nepomniachtchi, Ian"]
[Result "1/2-1/2"]
[WhiteElo "2760"]
[BlackElo "2792"]
[Annotator "TA"]
[PlyCount "36"]
[EventDate "2021.08.31"]
[EventType "tourn"]
[EventCountry "NOR"]
[SourceTitle "playchess.com"]
[Source "ChessBase"]
[SourceQuality "1"]

{[%evp 20,36,14,17,27,4,0,7,4,0,0,0,0,0,0,0,0,-4,0]} 1. d4 Nf6 2. c4 e6 3. Nf3
d5 4. Bg5 h6 5. Bxf6 Qxf6 6. Nc3 Bb4 7. e3 O-O 8. Rc1 dxc4 9. Bxc4 c5 10. O-O
cxd4 11. Nxd4 Bd7 {D38: Queen's Gambit Declined: Ragozin Defence (4 Nf3 Bb4).}
12. Qb3 Nc6 {The position is equal.} 13. Nxc6 Bxc3 14. Rxc3 Bxc6 15. Bb5 Bd5
16. Bc4 Bc6 17. Bb5 {[#]} Bd5 $146 ({Predecessor:} 17... Be4 18. Bd3 Bxd3 19.
Rxd3 b6 20. Rfd1 Rad8 21. Rxd8 Rxd8 22. Rxd8+ Qxd8 23. g3 {1/2-1/2 (33) Storme,
I (2397)-Wiedenkeller,M (2445) Helsingborg 2021}) 18. Bc4 Bc6 {Not much
happened in this game.  Weighted Error Value: White=0.04/Black=0.02} 1/2-1/2

[Event "9th Norway Chess 2021"]
[Site "Stavanger"]
[Date "2021.09.16"]
[Round "9.1"]
[White "Tari, Aryan"]
[Black "Firouzja, Alireza"]
[Result "0-1"]
[WhiteElo "2642"]
[BlackElo "2754"]
[Annotator "TA"]
[PlyCount "100"]
[EventDate "2021.08.31"]
[EventType "tourn"]
[EventCountry "NOR"]
[SourceTitle "playchess.com"]
[Source "ChessBase"]
[SourceQuality "1"]

{[%evp 12,100,5,6,17,17,24,29,11,0,33,31,35,31,27,8,18,12,22,25,18,31,37,17,29,
32,41,25,19,0,12,17,19,-25,0,-132,-94,-126,-120,-111,-131,-108,-127,-482,-482,
-482,-482,-482,0,-482,-482,-475,-471,-462,-457,-831,-817,-818,-645,-713,-714,
-712,-705,-683,-638,-832,-817,-766,-645,-821,-813,-838,-810,-1099,-774,-1091,
-804,-1029,-913,-1425,-995,-1052,-1029,-1593,-1570,-1785,-1579,-5222,-4629,
-29989,-29990]} 1. e4 c5 2. Nf3 d6 3. d4 cxd4 4. Nxd4 Nf6 5. Nc3 a6 6. a4 e5 7.
Nf3 h6 {B90: Sicilian Najdorf: Unusual White 6th moves, 6 Be3 Ng4 and 6 Be3 e5.
} 8. Nd2 {8.g3 is the modern continuation.} Be6 9. Nc4 Be7 {[#] White has an
edge.} 10. Nd5 $146 ({Predecessor:} 10. Ne3 Nc6 11. g3 Nd4 12. Bg2 Qd7 13. O-O
O-O 14. Ne2 Nxe2+ 15. Qxe2 b5 16. axb5 axb5 {1-0 (41) Lagno,K (2546)-Bodnaruk,
A (2443) Chess.com INT 2021}) 10... Nxd5 11. exd5 Bf5 12. a5 Nd7 13. Be2 O-O
14. O-O Qc7 15. Be3 Bh7 16. Ra3 Rac8 17. Kh1 f5 18. f4 Bf6 19. b4 Rce8 20. Qd2
Re7 21. fxe5 Nxe5 22. Nb6 Ng4 23. Bf4 (23. h3 $11 Nxe3 24. Rxe3) 23... Rfe8 $1
$17 {Black converts the advantage convincingly.} 24. Bf3 g5 25. Bxg4 fxg4 26.
Be3 Rf7 {And now ...Bb2 would win.} ({Much weaker is} 26... Qxc2 $6 27. Qxc2
Bxc2 28. Rxf6 $11) 27. c4 $2 {[%mdl 8192] [#]} (27. Bg1 $17) 27... Bb2 $1 $19 {
[%mdl 512]} 28. Rxf7 Qxf7 29. Qxb2 {Kg1 is the strong threat.} Qf1+ $40 {
[%mdl 128] Black attacks.} 30. Bg1 Re2 31. Qxe2 Qxe2 32. Re3 {[#]} Qc2 33. c5 (
33. Nc8 $142 Be4 34. Rg3) 33... Be4 {[%csl Gc2][%cal Re4g2]} 34. Rg3 dxc5 35.
d6 cxb4 36. d7 {[#]} Qd2 $1 37. Rxg4 Bc6 38. Bd4 {[#]} Bxd7 {[%mdl 576]
Promotion} 39. Nxd7 b3 {Threatens to win with ...b2.} 40. h3 b2 41. Bxb2 Qxb2 {
[%mdl 4096] Endgame KQ-KRN} 42. Kh2 Qc3 43. Rg3 Qxa5 44. Nf6+ Kf7 45. Ng4 Kg7
46. Rd3 Qc7+ 47. Kh1 a5 {[%cal Ba6a5,Ba5a4][%mdl 32]} 48. Ne3 a4 49. Nf5+ Kg6
50. g4 Qc1+ {Weighted Error Value: White=0.91/Black=0.34} 0-1

[Event "9th Norway Chess 2021"]
[Site "Stavanger"]
[Date "2021.09.16"]
[Round "9.2"]
[White "Rapport, Richard"]
[Black "Nepomniachtchi, Ian"]
[Result "0-1"]
[WhiteElo "2760"]
[BlackElo "2792"]
[Annotator "TA"]
[PlyCount "98"]
[EventDate "2021.08.31"]
[EventType "tourn"]
[EventCountry "NOR"]
[SourceTitle "playchess.com"]
[Source "ChessBase"]
[SourceQuality "1"]

{[%evp 9,98,0,-20,-15,-13,-25,-15,-30,-24,-27,-10,-35,0,-7,0,-11,-12,-23,11,0,
0,0,53,48,284,-25,0,-9,25,35,33,21,71,75,72,47,27,51,76,52,61,0,0,0,0,-9,-19,
-20,-14,-22,5,1,10,0,0,0,26,-30,0,0,0,0,0,0,0,0,0,0,0,-109,-110,-121,-123,-102,
-97,-106,-114,-93,-37,-37,-37,-203,-201,-530,-520,-477,-476,-595,-579,-499,
-491]} 1. Nf3 d5 2. d3 g6 3. Nbd2 Bg7 4. e4 Nc6 5. exd5 Qxd5 {[#]} 6. g3 $146 {
B06: Modern Defence.} ({Predecessor:} 6. c4 Qd8 7. Be2 Nf6 8. O-O O-O 9. Rb1
Nb4 10. Qb3 c5 11. Ne4 Nxe4 12. dxe4 {0-1 (56) Fries Nielsen,J (2381)
-Karpatchev,A (2484) Lueneburg 2013}) 6... Nf6 7. Bg2 Qe6+ 8. Kf1 {The
position is equal.} O-O 9. Nc4 Qd7 10. Bd2 Qd8 11. Bc3 Be6 12. Qe2 Re8 13. Re1
Qc8 14. h4 h5 15. Ng5 {And now Bxc6 would win.} Bg4 (15... Bd5 $11) 16. Qd2 $14
Qd7 {[#]} (16... Nd8 $14) 17. Ne3 $2 (17. Nxf7 $1 $18 {[%mdl 512] Black must
now prevent Nfe5.} Qc8 (17... Bf5 18. Nh6+) 18. Bxc6 bxc6 19. Nfe5) 17... Rad8
18. b4 Nd4 19. Bxd4 Qxd4 20. Bxb7 Bh6 21. Nxg4 Nxg4 22. Qf4 (22. Kg2 {with
more complications.} Qb6 23. Be4 c5 24. bxc5 Qxc5 25. Re2) 22... Qxf4 23. gxf4
e6 24. Bc6 Rf8 25. b5 (25. Re4 $14) 25... Rd4 $11 26. Re4 Rfd8 27. Nf3 Rxe4 28.
Bxe4 Bxf4 29. Ke2 Nf6 30. a4 Kf8 31. Ra1 Ke7 32. a5 Kd6 33. Nd4 (33. Bb7 $142)
33... Nxe4 34. dxe4 {[%mdl 4096] Endgame KRB-KRN} Kc5 35. Nc6 Rd2+ 36. Kf3 Kxb5
37. Nxa7+ Ka6 {aiming for ...Be5.} 38. Nc6 Bd6 39. c3 (39. Nb8+ $11 Kb7 40.
Rb1+ Kc8 41. Nc6 Rxc2 42. a6 Rc3+ 43. Kg2) 39... Rd3+ $17 40. Kg2 Rxc3 41. Nd8
f5 42. e5 Bxe5 43. Re1 Bd4 (43... Rc5 $17 44. Nf7 Bd4 45. Rxe6+ Kxa5 46. Rxg6
Rc2) 44. Rxe6+ $15 Kb5 {Threatens to win with ...Rc2.} 45. a6 $2 ({White
should play} 45. Rxg6 $15 Rc2 46. Ne6 Rxf2+ 47. Kg3) 45... Rc2 $19 46. Kf1 $2 (
46. Kh1 {is tougher.}) 46... Rxf2+ {Black is clearly winning.} 47. Ke1 Ra2 48.
Rxg6 Rxa6 49. Rg5 Kc4 {Weighted Error Value: White=0.36/Black=0.23} 0-1

[Event "9th Norway Chess 2021"]
[Site "Stavanger"]
[Date "2021.09.17"]
[Round "10.1"]
[White "Nepomniachtchi, Ian"]
[Black "Carlsen, Magnus"]
[Result "1/2-1/2"]
[WhiteElo "2792"]
[BlackElo "2855"]
[Annotator "TA"]
[PlyCount "65"]
[EventDate "2021.08.31"]
[EventType "tourn"]
[EventCountry "NOR"]
[SourceTitle "playchess.com"]
[Source "ChessBase"]
[SourceQuality "1"]

{[%evp 17,65,0,0,0,0,0,0,0,0,0,0,0,0,0,4,0,0,0,0,0,0,6,32,7,0,0,0,0,2,0,0,0,4,
0,0,0,0,0,0,0,0,-14,0,0,0,0,0,0,0,-47]} 1. e4 e5 2. Nf3 Nc6 3. Bc4 Bc5 4. c3
Nf6 5. d4 exd4 6. e5 d5 7. Bb5 Ne4 8. cxd4 Bb6 9. Nc3 O-O 10. Be3 {C54: Giuoco
Piano: 4 c3 Nf6, main lines with 5 d4 and 5 d3.} Bg4 11. h3 Bh5 12. Qc2 Nxc3
13. bxc3 f6 14. exf6 Qxf6 15. Be2 Na5 16. O-O Bxf3 17. Bxf3 c6 18. Rae1 Nc4 19.
Bc1 Qg6 {[#]} 20. Qd1 $146 ({Predecessor:} 20. Qxg6 hxg6 21. Re7 Rf7 22. Re2
Ba5 23. Rc2 Re8 24. Be2 Rfe7 25. Bd3 Kf7 26. g3 {1/2-1/2 (48) So,W (2772)
-Carlsen,M (2847) chess24.com INT 2021}) 20... Rae8 {The position is equal.}
21. Rxe8 Qxe8 22. Be2 Qe6 23. Bxc4 dxc4 24. Re1 Qf7 25. Qe2 Ba5 26. Qe3 h6 27.
Ba3 Rd8 28. h4 Kh7 29. Re2 Qf5 30. Qc1 {[#] Black must now prevent Re5.} Rd5
31. f3 b5 32. Re4 Bb6 33. Be7 {An uneventful encounter.  Weighted Error Value:
White=0.02/Black=0.02} 1/2-1/2

[Event "9th Norway Chess 2021"]
[Site "Stavanger"]
[Date "2021.09.17"]
[Round "10.1"]
[White "Karjakin, Sergey"]
[Black "Tari, Aryan"]
[Result "1/2-1/2"]
[WhiteElo "2758"]
[BlackElo "2642"]
[Annotator "TA"]
[PlyCount "65"]
[EventDate "2021.08.31"]
[EventType "tourn"]
[EventCountry "NOR"]
[SourceTitle "playchess.com"]
[Source "ChessBase"]
[SourceQuality "1"]

{[%evp 11,65,0,0,-8,0,0,0,0,0,-6,5,0,12,0,15,0,0,-8,0,0,0,-27,-26,-45,-46,-44,
0,-24,0,0,0,0,0,0,-13,-10,0,0,0,0,0,0,0,0,0,0,0,-231,0,0,0,0,0,0,0,0]} 1. d4
Nf6 2. c4 e6 3. Nf3 d5 4. e3 b6 5. Nc3 Bb7 6. cxd5 exd5 7. g3 {E14: Queen's
Indian: Classical Variation (4 e3).} Nbd7 8. Bg2 Bd6 9. O-O O-O 10. b3 a6 11.
Bb2 Re8 12. Rc1 Rc8 13. Rc2 Qe7 14. Ne2 Ne4 15. Nf4 {[#]} a5 $146 ({
Predecessor:} 15... g6 16. Qe2 h5 17. Nd3 f6 18. Rfc1 Kh7 19. Nf4 Qf7 20. Nd2
Nxd2 21. Qxd2 f5 {1/2-1/2 (38) Mareco,S (2653)-Diaz Camallonga,C (2444)
Barcelona 2018}) 16. Qa1 a4 17. bxa4 Ra8 {[%cal Bc8a8,Ba8a4,Ba4b4,Bb4b3][%mdl
32]} 18. Rfc1 Qd8 19. Bf1 (19. Ne5 {seems wilder.} Rxa4 20. Nc6 Bxc6 21. Rxc6
Ndf6 22. Qb1) 19... c6 (19... Rxa4 {with more complications.} 20. Bb5 Ra5 21.
a4 g5 22. Nh5 Ba6) 20. Rxc6 Bxc6 21. Rxc6 Bxf4 22. exf4 Rxa4 23. Bb5 Rb4 24. a4
Rb3 25. Ne5 Nxe5 26. dxe5 Qe7 $1 27. Qc1 {[#] Strongly threatening Rc7.} Qb4
28. Rc8 Rxc8 29. Qxc8+ Qf8 30. Qc2 {The position is equal.} Qb4 31. Qc8+ Qf8
32. Qc2 Qb4 33. Qc8+ {Weighted Error Value: White=0.06/Black=0.05} 1/2-1/2

[Event "9th Norway Chess 2021"]
[Site "Stavanger"]
[Date "2021.09.17"]
[Round "10.1"]
[White "Firouzja, Alireza"]
[Black "Rapport, Richard"]
[Result "1-0"]
[WhiteElo "2754"]
[BlackElo "2760"]
[Annotator "TA"]
[PlyCount "63"]
[EventDate "2021.08.31"]
[EventType "tourn"]
[EventCountry "NOR"]
[SourceTitle "playchess.com"]
[Source "ChessBase"]
[SourceQuality "1"]

{[%evp 14,63,38,41,29,27,31,5,6,-8,-8,-8,0,-12,0,0,0,-69,-69,-69,-73,-68,-16,
-7,-7,-7,0,-9,0,0,95,87,90,104,290,280,449,457,449,117,106,0,460,454,440,386,
507,510,516,525,518,516]} 1. e4 c5 2. Nf3 Nc6 3. Bb5 Nf6 4. Nc3 Nd4 5. e5 Nxb5
6. Nxb5 Nd5 7. O-O a6 {[#]} 8. c4 $1 Nb4 {B30: Sicilian: 2...Nc6 3 Bb5, lines
without ...g6.} 9. Nc3 d6 10. d4 cxd4 {[%mdl 64] [#] Overworked Piece. The
position is equal.} 11. Qxd4 $146 ({Predecessor:} 11. Qa4+ Nc6 12. Nd5 dxe5 13.
Nxe5 Bd7 14. Nxd7 Kxd7 15. c5 Ke8 16. Nb6 Ra7 17. Bf4 {1-0 (37) Whitehead,
P-Rohde,M (2425) Memphis 1978}) 11... Nc2 $1 {[%csl LRa1,LRd4][%mdl 64] Double
Attack} 12. Qe4 {[%cal Re4c2]} Nxa1 13. Bf4 {[#]} Be6 $1 14. Rxa1 Rc8 15. Nd5 (
15. b3 $1 $11) 15... dxe5 $15 16. Nxe5 {Black should prevent Rd1.} f6 17. Nf3
Bxd5 (17... Qd7 $15) 18. cxd5 $11 Rc5 19. d6 Qd7 20. b4 Rc6 21. Re1 Kf7 (21...
e5 $11 {remains equal.} 22. Bxe5 Kd8) 22. Nd4 $16 e5 23. Qd5+ (23. Nxc6 Qxc6
24. Qe2 (24. Qxc6 bxc6 25. Be3 Bxd6 $17) 24... Bxd6 $17) 23... Kg6 $2 (23...
Ke8 $16 {was called for.} 24. Bxe5 (24. Nxc6 bxc6 25. Qc4 Qxd6 $16) 24... fxe5
25. Qxe5+ (25. Nxc6 Qxc6 26. Qxe5+ Kd8 $16) 25... Kd8) 24. Bxe5 $1 $18 (24.
Nxc6 bxc6 25. Qe4+ Kf7 $11) 24... Rxd6 $2 ({But not} 24... fxe5 $2 25. Nf3 $18)
(24... h5) 25. Bxd6 Bxd6 26. Qe4+ $2 (26. g3 $18) 26... Kf7 $16 27. Qd5+ $2 {
[%mdl 8192]} (27. Nf5 $1 $16 Rd8 28. Nxd6+ Qxd6 29. Qxb7+ Kf8 30. Qe4) 27...
Kg6 $18 {Threatens to win with ...Bxh2+!} 28. g3 h6 29. Rd1 ({And not} 29. Re6
Rd8 $11) 29... Re8 {[#]} 30. Nf3 {White is clearly winning.} Re6 {Black hopes
to continue with ...Kh7.} 31. Nh4+ Kh7 {[#]} 32. Qd3+ $1 {Weighted Error Value:
White=0.40/Black=0.30} 1-0

[Event "9th Norway Chess 2021"]
[Site "Stavanger"]
[Date "2021.09.17"]
[Round "10.2"]
[White "Nepomniachtchi, Ian"]
[Black "Carlsen, Magnus"]
[Result "0-1"]
[WhiteElo "2792"]
[BlackElo "2855"]
[Annotator "TA"]
[PlyCount "112"]
[EventDate "2021.08.31"]
[EventType "tourn"]
[EventCountry "NOR"]
[SourceTitle "playchess.com"]
[Source "ChessBase"]
[SourceQuality "1"]

{[%evp 12,112,10,2,3,0,0,0,16,-14,0,-18,-22,-18,0,0,0,0,0,-21,-19,-105,0,-13,0,
0,0,0,0,0,0,0,0,0,19,0,0,-23,-7,-30,0,0,0,0,4,7,7,10,11,14,31,31,33,26,28,19,
28,24,48,-2,17,17,2,0,0,0,0,-8,0,0,0,0,0,-15,-12,-11,0,0,0,-205,-212,-205,-220,
-507,-168,-152,0,0,0,-8,-8,-37,-37,-855,-847,-656,-286,-29946,-29952,-29968,
-29967,-29995,-29996]} 1. e4 e5 2. Nc3 Nc6 3. Bc4 Nf6 4. d3 Na5 5. Bb3 Nxb3 6.
axb3 d5 7. exd5 Nxd5 $1 {7...Nxd5 scores better than 7...Bb4. C28: Vienna Game:
2...Nf6 3 Bc4 Nc6.} 8. Qh5 Nb4 9. Qxe5+ Be7 {The position is equal.} 10. Qe2 (
10. Kd1 {feels hotter.} O-O 11. Nf3 Bf6 12. Qf4 a5 13. Be3) 10... O-O 11. Be3
Re8 12. Nf3 {[#]} ({Don't blunder} 12. Rxa7 $2 Rxa7 13. Bxa7 b6 $19) 12... a5
$146 ({Predecessor:} 12... Bg4 13. O-O-O a5 14. h3 Bd7 15. Ne5 Be6 16. f4 f6
17. Nc4 Nd5 18. Bd2 Bf8 {0-1 (38) Brochet,P (2409)-Salimova,N (2250) Bayonne
2018}) 13. h3 b6 14. O-O Bb7 15. Rac1 Bf6 16. d4 (16. Rfe1 $11 {remains equal.}
) 16... Qd7 ({Black should play} 16... Ba6 $17 17. Qd2 Bxf1 18. Rxf1 Qd7) 17.
Rfd1 Rad8 18. Qb5 Qc8 19. Qh5 h6 20. Qg4 (20. Nh2 {with more complications.} c5
21. dxc5 Rxd1+ 22. Qxd1 bxc5 23. Ng4) 20... Qxg4 21. hxg4 Rd7 22. Rd2 g5 23.
Nd1 Rdd8 24. c3 Nd5 25. Nh2 Kg7 26. Nf1 Kg6 27. f3 h5 28. gxh5+ Kxh5 29. Bf2
Kg6 30. Nde3 Be7 31. Nxd5 Bxd5 32. c4 Be6 33. d5 Bb4 34. Rdd1 Bd7 35. Ne3 f5
36. Nc2 Bd6 37. Nd4 g4 38. g3 gxf3 39. Nxf3 (39. Rc3 {is more complex.} Re4 40.
Rxf3 Rde8 41. Rdd3 Rg4 42. Kf1) 39... Re2 (39... Re4 {is interesting.} 40. Rd4
Rde8 41. Rcd1 Re2 42. R1d2 R8e7) 40. Rd2 Rxd2 41. Nxd2 Re8 42. Rd1 f4 43. gxf4
Bxf4 44. Nf3 Re2 45. Bd4 $2 (45. Re1 $11 Rxb2 46. Ne5+ Bxe5 47. Rxe5) 45... Bg4
$19 46. Rf1 {[#]} Kf5 $1 {[%cal Rf5e4] White must now prevent ...Ke4.} 47. d6
$2 (47. Nh4+ Ke4 48. Bf6) 47... cxd6 $2 (47... Ke4 48. Nh4 Bh2+ 49. Kh1 Kxd4)
48. Bxb6 {And now Nd4+ would win.} Bxf3 (48... Ke4 $17 49. Ne1 Bh2+ 50. Kh1 Be5
51. Bxa5 Rxb2) 49. Rxf3 $11 Rxb2 $19 {[%mdl 4096] Endgame aiming for ...a4!
KRB-KRB} 50. Bd4 Rb1+ 51. Kf2 Ke4 52. Bg7 $2 {[%mdl 8192] Now White is beyond
hope.} (52. Ke2 $15) 52... Rh1 {Hoping for ...Rh2+.} 53. Rc3 Rh2+ (53... Rh7
$142 54. Bf6 Rf7) 54. Kf1 $2 {[#]} (54. Kg1 $19 Rh7 55. Bf6) 54... Be3 {
Black mates.} 55. c5 dxc5 ({Weaker is} 55... Rh1+ 56. Ke2 $19) 56. Rc4+ Kf3 {
[%cal Rh2h1] Weighted Error Value: White=0.50/Black=0.24} 0-1

[Event "9th Norway Chess 2021"]
[Site "Stavanger"]
[Date "2021.09.17"]
[Round "10.2"]
[White "Karjakin, Sergey"]
[Black "Tari, Aryan"]
[Result "1-0"]
[WhiteElo "2758"]
[BlackElo "2642"]
[Annotator "TA"]
[PlyCount "91"]
[EventDate "2021.08.31"]
[EventType "tourn"]
[EventCountry "NOR"]
[SourceTitle "playchess.com"]
[Source "ChessBase"]
[SourceQuality "1"]

{[%evp 21,91,-18,-6,-13,-11,-33,23,-47,22,17,21,24,20,20,21,25,24,20,34,4,40,
10,26,30,22,25,22,-21,-14,-20,0,-42,-13,-13,-16,-25,0,-35,58,35,66,77,76,64,
101,110,216,218,211,195,164,72,284,287,308,294,581,571,535,545,632,626,629,622,
517,560,951,619,603,596,882,876]} 1. b3 d5 2. Bb2 Bf5 3. g3 e6 4. Bg2 Nf6 5. c4
c6 6. Nf3 h6 7. O-O Bh7 8. d3 Be7 9. Nbd2 O-O 10. a3 a5 11. Ra2 Nbd7 12. Qa1 {
A12: English Opening: 1...c6 with b3 by White.} Bd6 13. e4 {[#]} dxe4 $146 (
13... Be7 $15) ({Predecessor:} 13... Be7 14. Ne5 Nc5 15. b4 axb4 16. axb4 Na6
17. b5 cxb5 18. cxb5 Nc7 19. Rxa8 Qxa8 {0-1 (54) Iglesias,P-Montalvo Torres,J
UECC Email 1999}) 14. dxe4 (14. Nxe4 $11 Be7 15. Re1) 14... e5 (14... Be7 $15)
15. Nxe5 $11 Bxe5 16. Bxe5 Nxe5 17. Qxe5 Re8 18. Qf4 Qd4 19. Re1 Rad8 20. h4
Re7 21. Qe3 (21. Nf3 {with more complications.} Qc3 22. Rd2 Rxd2 23. Qxd2 Qxb3
24. e5) 21... Ng4 22. Qxd4 Rxd4 23. f3 Ne5 24. a4 Nd3 25. Re3 Nc5 26. g4 f5 27.
gxf5 {[#]} Bxf5 $1 28. Bf1 (28. Kf2 Be6) 28... Bg6 29. Kf2 (29. Be2 {keeps
more tension.} Kf7 30. Nf1 Ke6 31. Ra1 Ke5 32. Kf2) 29... Ne6 ({Black should
try} 29... Rf7 $15) 30. Rd3 Rxd3 31. Bxd3 Nf4 32. Bf1 Bh5 33. c5 Rd7 (33... Re5
$16) 34. Ke3 $18 g5 35. hxg5 hxg5 36. Ra1 (36. Nc4 $18 {is more deadly.}) 36...
Kf8 $2 {[#] Black cannot hold the game after this.} (36... Bf7 $16 {was worth
a try.}) 37. Nc4 Ne6 38. Bh3 ({Don't do} 38. Nxa5 Nxc5 39. Rc1 b6 $18) 38...
Ke7 (38... g4 {was called for.}) 39. Bxe6 {White is clearly winning.} Kxe6 {
[%mdl 4096] Endgame KRB-KRN} 40. Rh1 Bg6 41. Rh6 Rg7 42. Nxa5 Kf6 43. Nc4 g4
44. fxg4 Kg5 45. Rh8 Re7 46. Nd6 {Weighted Error Value: White=0.26/Black=0.52}
1-0